[Event "FRA-ch U14 Girls"]
[Site "Troyes"]
[Date "2010.04.12"]
[Round "2"]
[White "Fischer, Julie"]
[Black "Vallat, Julie"]
[Result "1-0"]
[WhiteElo "1721"]
[BlackElo "1510"]
[PlyCount "65"]
[EventDate "2010.04.11"]
[EventType "swiss"]
[EventRounds "9"]
[EventCountry "FRA"]
[SourceTitle "EXT 2012"]
[Source "ChessBase"]
[SourceDate "2011.11.24"]
[SourceVersion "1"]
[SourceVersionDate "2011.11.24"]
[SourceQuality "1"]

1. e4 e5 2. Nf3 Nc6 3. d4 exd4 4. Bc4 Be7 5. Nxd4 Nf6 6. Nxc6 bxc6 7. e5 Ne4 8. Qf3 d5 9. exd6 Nxd6 10. Qxc6+ Bd7 11. Qa6 Nxc4 12. Qxc4 0-0 13. 0-0 Rb8 14. Nc3 Bf6 15. Bf4 Rxb2 16. Rac1 Bxc3 17. Qxc3 Rxa2 18. Bxc7 Qc8 19. Qg3 f6 20. c4 Rf7 21. Rfd1 h6 22. c5 Be8 23. Rd8 Qxc7 24. Rxe8+ Kh7 25. Qd3+ g6 26. Qd5 Rb2 27. Qa8 g5 28. Rh8+ Kg6 29. Qe4+ f5 30. Qe6+ Kh5 31. Rxh6+ Kg4 32. h3+ Kf4 33. Qe3# 1-0